History Quiz

Random History or Clickable Quiz
Score 0/20 Timer 05:00
0 Plays Today
% Correct
1883 eruption of Krakatoa
90.2%
On the Origin of Species
87.3%
Battle of the Alamo
86.8%
Coronation of Napoleon I
79.9%
Lisztomania
77.1%
Abolition of the han system
77.1%
Independence of Brazil
71.2%
Victorian era
70.8%
Russo-Persian War (1804–13)
69.4%
Assassination of James A. Garfield
65.5%
% Correct
Berlin Conference
63.8%
Indian Rebellion of 1857
61.6%
Congress of Vienna
56.2%
French invasion of Russia
54%
Boxer Rebellion
48.4%
Dreyfus affair
44.1%
Java War
39.9%
Jack the Ripper
39.4%
November Uprising
34.6%
Crimean War
24.7%
Remove Ads.
Support Sporcle.
Get the best of Sporcle when you Go Orange. This ad-free experience offers more features, more stats, and more fun while also helping to support Sporcle. Thank you for becoming a member.

You're not logged in!

Compare scores with friends on all Sporcle quizzes.
OR
Log In

Show Comments

Extras

Top Quizzes Today


Score Distribution

Your Account Isn't Verified!

In order to create a playlist on Sporcle, you need to verify the email address you used during registration. Go to your Sporcle Settings to finish the process.

Report this User

Report this user for behavior that violates our Community Guidelines.

Details: